00926nam a2200193 a 450000100100000000500170001000800410002704000250006808200160009324500910010926000900020030000270029070000350031704900090035295201200036195201140048195201200059599900170071500002855120200930055014.0110411s2010 dr a 000 0 spa d aDO-SdBNPbspacBNPHU axxxxbD431l14aLos derechos laborales /cpresentación Pedro Ubiera; ilustración Víctor Nolasco. aSanto Domingo :bCentro Dominicano de Asesoría e Investigaciones Legales,c[2010?]. a16 p. :bil. ;c21 cm.12aNolasco, Víctor,eil.955509 aBNPD 0010718DSaGRbGRcCTd2011-04-11iLF1l0oxxxx D431lp28551-30r2020-06-25te. 3w2020-06-25yLFDSZNo se presta 0010718PDaPDbPDcCTd2011-04-11iLF1l0oxxxx D431lp28551-10r2020-06-25w2020-06-25yLFPDZNo se presta 0010718PDaPDbPDcCTd2011-04-11iLF1l0oxxxx D431lp28551-20r2020-06-25te. 2w2020-06-25yLFPDZNo se presta c28043d28043